Nitra

Guardado en:
Detalles Bibliográficos
Autor principal: Valent, Štefan (Autor)
Formato: Libro
Lenguaje:eslovaco
Publicado: B. Bystrica : Ab art, 1995
Materias:
Etiquetas: Agregar Etiqueta
Sin Etiquetas, Sea el primero en etiquetar este registro!

MARC

LEADER 00000nam a22000003a 4500
001 stu12367
005 20150617225802.7
008 951228s1995----xo------------------slo-d
040 |a STU  |b slo 
041 0 |a slo 
044 |a xo 
100 1 |a Valent, Štefan  |4 aut 
245 1 |a Nitra 
260 |a B. Bystrica :  |b Ab art,  |c 1995 
300 |a 31 s  |c prĄl 
650 7 |a ostatné mestá  |2 stusub 
650 7 |a Nitra  |2 stusub 
996 |b 284AB00457  |c A*406 B  |l AAKNAR  |s A  |a 24  |w stu12367_0001